| 000 | 02179cab a2200313 4500 | ||
|---|---|---|---|
| 001 | L130541 | ||
| 008 | 050811n2005 000 0 eng u | ||
| 035 | _a(Sirsi) u130541 | ||
| 041 | _aeng | ||
| 245 | _aWimbledon Construction Company 2000 Limited v Derek Vago | ||
| 260 | _c2005 | ||
| 520 | _a[2005] EWHC 1086 (TCC), 20 May 2005. Examines if there can be a stay on the enforcement of an adjudicator's award pending an arbitrator's decision where there is cause for concern that the party the adjudicator had made the award to might not be able to repay it at a later date. W commenced enforcement proceedings for an adjudicator's award made in relation to a dispute over works the company had carried out at V's house. At the same time V commenced arbitration proceedings disputing that award and sought an order that the enforcement be stayed until the arbitration proceedings had been concluded on the grounds that W's financial position was uncertain. "Held": the application was dismissed as V had not demonstrated the probability that W would be unable to repay the award, and because W's financial problems were largely due to V's refusal to pay the award. | ||
| 590 | _aIKA160805 | ||
| 650 | _aWIMBLEDON CONSTRUCTION CO 2000 LTD V VAGO | ||
| 650 | _aHOUSING GRANTS, CONSTRUCTION AND REGENERATION ACT 1996 | ||
| 650 | _aJCT AGREEMENT FOR MINOR BUILDING WORKS (1998 EDITION) | ||
| 650 | _aCIVIL PROCEDURE RULES PART 50 | ||
| 650 | _aBOUYGUES UK LTD V DAHL-JENSEN UK LTD | ||
| 650 | _aABSOLUTE RENTALS LTD V GENCOR ENTERPRISES LTD | ||
| 650 | _aHERSCHEL ENGINEERING LTD V BREEN PROPERTY LTD | ||
| 650 | _aCOMPANIES ACT 1985 S726(1) | ||
| 650 | _aRAINFORD HOUSE LTD V CADOGAN LTD | ||
| 650 | _aTOTAL M&E SERVICES LTD V ABB BUILDING TECHNOLOGIES LTD | ||
| 650 | _aAWG CONSTRUCTION LTD V ROCKINGHAM MOTOR SPEEDWAY LTD | ||
| 650 | _aSIR LINDSAY PARKINSON AND CO V TRIPLAN | ||
| 690 | _aMANAGEMENT-DISPUTE AVOIDANCE, MANAGEMENT AND RESOLUTION-DISPUTE MANAGEMENT AND RESOLUTION-ARBITRATION | ||
| 856 |
_uhttps://www.bailii.org/cgi-bin/markup.cgi?doc=/ew/cases/EWHC/TCC/2005/1086.html _zView the item free of charge at www.bailii.org... |
||
| 942 | _n0 | ||
| 999 |
_c75687 _d75687 |
||